| 000 | 01151nam a2200277 a 4500 | ||
|---|---|---|---|
| 001 | 31261 | ||
| 003 | BD-RjUL | ||
| 005 | 20211209051658.0 | ||
| 008 | 140415s1874 enk 000 0 eng d | ||
| 035 | _a(BD-RjUL)31348 | ||
| 040 |
_aBD-RjUL _beng _cBD-RjUL _dBD-RjUL |
||
| 041 | _aeng | ||
| 082 |
_a192 _bHUT V-1 1874 |
||
| 100 | 1 |
_aHume, David, _d1711-1776. _995132 |
|
| 245 | 1 | 2 |
_aA treatise on human nature : _bbeing an attempt to introduce the experimental method of reasoning into moral subjects ; and, Dialogues concerning natural religion / _cby David Hume ; edited, with preliminary dissertations and notes, by T.H. Green and T.H. Grose |
| 260 |
_aLondon : _bLongmans, Green, _c1874. |
||
| 300 |
_ax ,566 p. : _c23 cm. |
||
| 490 | 1 |
_aThe Philosophical works of David Hume ; _vv. 1-2. |
|
| 650 | 0 |
_aKnowledge, Theory of _vEarly works to 1800. _992020 |
|
| 650 | 0 |
_aNatural theology _vEarly works to 1800. _965241 |
|
| 700 | 1 |
_aGreen, Thomas Hill, _d1836-1882. _995133 |
|
| 700 | 1 |
_aGrose, T. H. _q(Thomas Hodge), _d1845-1906. _995134 |
|
| 740 | 0 | 2 | _aDialogues concerning natural religion |
| 942 |
_2ddc _cRAR |
||
| 999 |
_c31261 _d31261 |
||